| 000 | 01306cam a2200313 4500 | ||
|---|---|---|---|
| 001 | L135769 | ||
| 002 | 16379 | ||
| 008 | 061208n2006 000 0 eng u | ||
| 020 | _a9781405891127 | ||
| 022 | _a9780131970946 | ||
| 035 | _a(Sirsi) u135769 | ||
| 041 | 0 | _aeng | |
| 050 | 0 | 4 | _a690 $2 18 |
| 100 | 1 | _aFoster, Jack Stroud | |
| 245 | 0 | 0 |
_aMitchell's structure and fabric _bpart 1 _h[electronic resource] |
| 250 | _a7th ed. | ||
| 260 |
_aHarlow _bPrentice Hall _c2006 |
||
| 300 | _aeBook | ||
| 490 | 0 | _aMitchell's Building Series | |
| 505 | 0 | _aThe nature of buildings and building -- The production of buildings -- Structural behaviour -- Foundations -- Wall and piers -- Framed structures -- Roof structures -- Floor structures -- Fireplaces, flues and chimneys -- Stairs -- Temporary works | |
| 520 | _aDiscusses the principles and practices used in the construction of houses and other lowrise buildings. Provides some guidance with regards to current legislation, British standards and building regulations. | ||
| 590 | _aKA | ||
| 650 | 2 | 4 | _aEBOOK |
| 651 | 4 |
_aUnited Kingdom _y |
|
| 690 | _aBUILT ENVIRONMENT-CONSTRUCTION DESIGN | ||
| 700 | 1 | _aGreeno, Roger | |
| 856 | 4 | 8 |
_uhttps://www.vlebooks.com/ _zView on VLEbooks. Logins for members only from [email protected] |
| 942 | _n0 | ||
| 999 |
_c106201 _d106201 |
||